[Event "76th GEO-ch Women 2019"]
[Site "Tbilisi"]
[Date "2019.03.22"]
[Round "4.1"]
[White "Melia, Salome"]
[Black "Esadze, Tamari"]
[Result "1-0"]
[WhiteElo "2385"]
[BlackElo "2078"]
[Annotator "NA"]
[PlyCount "87"]
[EventDate "2019.03.19"]
[EventType "swiss"]
[EventCountry "GEO"]
[SourceTitle "playchess.com"]
[Source "ChessBase"]
[SourceQuality "1"]
[TimeControl "40/5400+30:1800+30"]

{[%evp 8,58,33,22,29,6,27,36,41,24,29,35,50,25,35,16,47,0,22,0,23,0,91,106,87,81,76,57,45,62,15,0,23,25,104,73,180,228,241,400,471,285,257,306,332,176,150,-125,110,57,29,-45,-44]} 1. e4 {[%emt 0:03:58]} c5 {[%emt 0:00:00]} 2. Nf3 {[%emt 0:00:05]} d6 {[%emt 0:00:00]} 3. d4 {[%emt 0:00:03]} cxd4 {[%emt 0:00:00]} 4. Nxd4 {[%emt 0:00:05]} Nf6 {[%emt 0:00:00]} 5. Nc3 {[%emt 0:00:05]} a6 {[%emt 0:00:02]} 6. Bg5 {[%emt 0:00:07]} e6 {[%emt 0:00:13]} 7. f4 {[%emt 0:00:27]} Be7 {[%emt 0:00:42]} 8. Qf3 {[%emt 0:01:05]} Qc7 {[%emt 0:00:22]} 9. O-O-O {[%emt 0:00:18]} Nbd7 {[%emt 0:00:09]} 10. g4 {[%emt 0:00:42]} b5 {[%emt 0:02:01]} 11. Bxf6 {[%emt 0:00:17]} Nxf6 {[%emt 0:00:38]} 12. g5 {[%emt 0:00:05]} Nd7 {[%emt 0:00:03]} 13. f5 $1 {[%emt 0:00:08]} O-O {[%emt 0:06:46] B99: Sicilian Najdorf: 6 Bg5 e6 7 f4 Be7 8 Qf3 Qc7 9 0-0-0 Nbd7} 14. Rg1 {[%emt 0:23:27]} ({Of course not} 14. f6 gxf6 15. gxf6 Nxf6 $17) (14. h4 b4 15. Nce2 Bb7 16. Kb1 Rac8 17. Bh3 e5 18. f6 exd4 19. fxe7 Rfe8 20. Nxd4 Rxe7 21. Nf5 Rxe4 22. Nxd6 Rd4 23. Qxf7+ Kh8 24. Nxc8 {1-0 (24) Sutovsky,E (2683)-Huschenbeth,N (2596) Douglas 2017}) 14... Ne5 {[%emt 0:19:59]} (14... b4 $1 $11 15. Nce2 e5) 15. Qg3 {[%emt 0:05:56]} b4 {[%emt 0:09:42]} 16. Nce2 {[%emt 0:00:26]} Bb7 $146 {[%emt 0:19:54]} ({Predecessor:} 16... exf5 17. exf5 f6 18. Bg2 Ra7 19. Bd5+ Kh8 20. g6 h6 21. Nf4 {1-0 (39) Kedziora,C-Woestmann,U Germany 1996}) 17. f6 {[%emt 0:06:41]} (17. Bg2 $16) 17... Bd8 {[%emt 0:00:53]} 18. fxg7 {[%emt 0:00:18]} Re8 {[%emt 0:00:41]} ({Don't take} 18... Kxg7 19. Qh3 $11) 19. Bg2 {[%emt 0:06:41]} Rc8 {[%emt 0:02:16]} 20. h4 {[%emt 0:01:49]} Nc4 {[%emt 0:10:25]} (20... Kxg7 $11 {keeps the balance.} 21. Nf4 Qc5) 21. Kb1 {[%emt 0:09:50]} e5 {[%emt 0:13:16]} (21... Qc5 $14) 22. Nf5 {[%emt 0:02:01]} Na3+ {[%emt 0:06:40]} 23. bxa3 {[%emt 0:00:55]} Qxc2+ {[%emt 0:00:03]} 24. Ka1 {[%emt 0:00:04]} Qxe2 {[%emt 0:00:56]} 25. Qb3 {[%emt 0:06:15]} ({But not} 25. Nxd6 $6 Bb6 $16) ({Less strong is} 25. Rxd6 Bxe4 26. Bxe4 Qxe4 $16) ({Resist} 25. axb4 $6 Bb6 $16) 25... d5 {[%emt 0:01:45]} 26. exd5 {[%emt 0:06:29]} ({Inferior is} 26. Qxb4 Ba5 $11) 26... Rc3 {[%emt 0:01:05]} 27. Qxb4 $2 {[%emt 0:03:10] [#]} (27. Qb1 $18 Rxa3 28. Rdf1) 27... Rc2 $2 {[%emt 0:00:23]} (27... Ba5 $1 $17 {[%cal Ra5b4] and life is bright.} 28. Qxb7 Rc7) 28. Qb3 {[%emt 0:05:03]} Ba5 $1 {[%emt 0:00:50]} 29. Kb1 {[%emt 0:04:47]} ({Better is} 29. Ng3 $11 Qc4 30. Ne4) 29... Rc3 $15 {[%emt 0:01:35]} 30. Qb2 {[%emt 0:02:48]} Qxb2+ {[%emt 0:01:18]} 31. Kxb2 {[%emt 0:00:01]} Rb8 {[%emt 0:00:24]} 32. Ka1 {[%emt 0:02:48]} Rc2 {[%emt 0:00:30]} 33. Rd3 {[%emt 0:03:54]} Bc3+ {[%emt 0:02:16]} 34. Rxc3 {[%emt 0:03:34]} Rxc3 {[%emt 0:00:02]} 35. Rb1 {[%emt 0:00:28]} Rc7 {[%emt 0:00:50]} 36. d6 {[%emt 0:01:02]} Rd7 {[%emt 0:00:04]} 37. Bc6 {[%emt 0:00:54]} Rdd8 {[%emt 0:01:10]} 38. Bxb7 {[%emt 0:00:16]} Rd7 {[%emt 0:00:17]} 39. Bxa6 {[%emt 0:00:52]} Rxb1+ {[%emt 0:00:08]} 40. Kxb1 {[%emt 0:00:00]} e4 {[%emt 0:00:00]} 41. Kc2 {[%emt 0:01:43]} e3 {[%emt 0:04:35]} 42. Kd3 {[%emt 0:01:00]} Ra7 {[%emt 0:00:40]} 43. Bc4 {[%emt 0:01:05]} Rxa3+ {[%emt 0:00:10]} 44. Bb3 {[%emt 0:00:48]} 1-0

[Event "76th GEO-ch Women 2019"]
[Site "Tbilisi"]
[Date "2019.03.22"]
[Round "4.2"]
[White "Vakhania, Aleksandra"]
[Black "Tsatsalashvili, Keti"]
[Result "0-1"]
[WhiteElo "2175"]
[BlackElo "2326"]
[Annotator "NA"]
[PlyCount "130"]
[EventDate "2019.03.19"]
[EventType "swiss"]
[EventCountry "GEO"]
[SourceTitle "playchess.com"]
[Source "ChessBase"]
[SourceQuality "1"]
[TimeControl "40/5400+30:1800+30"]

1. Nf3 {[%emt 0:03:16]} Nf6 {[%emt 0:00:00]} 2. g3 {[%emt 0:00:06]} c5 {[%emt 0:00:35]} 3. Bg2 {[%emt 0:00:21]} Nc6 {[%emt 0:00:22]} 4. O-O {[%emt 0:00:14]} d5 {[%emt 0:00:48]} 5. d4 {[%emt 0:00:28]} cxd4 {[%emt 0:00:28]} 6. Nxd4 {[%emt 0:00:06]} e5 {[%emt 0:09:04]} 7. Nxc6 {[%emt 0:01:23]} bxc6 {[%emt 0:00:03] [#]} 8. c4 $1 {[%emt 0:00:04]} Be7 {[%emt 0:02:23]} 9. Nc3 {[%emt 0:01:42]} Be6 {[%emt 0:01:59]} 10. Bg5 {[%emt 0:03:15] LiveBook: 8 Games} e4 {[%emt 0:00:56] D02: 1 d4 d5 2 Nf3 sidelines, including 2...Nf6 3 g3 and 2...Nf6 3 Bf4} 11. Qa4 {[%emt 0:06:48]} (11. cxd5 cxd5 12. Qa4+ Qd7 13. Rac1 Qxa4 14. Nxa4 O-O 15. Nc5 Bxc5 16. Rxc5 Nd7 17. Rc7 Rfb8 18. b3 {½-½ (29) Horvath,C (2518)-Socko,M (2437) Germany 2015}) 11... O-O {[%emt 0:01:53]} 12. Rad1 {[%emt 0:03:47]} Qe8 {[%emt 0:09:34]} 13. b4 $146 {[%emt 0:16:18]} ({White should try} 13. e3 $14) ({Predecessor:} 13. Bxf6 Bxf6 14. cxd5 cxd5 15. Qxe8 Rfxe8 16. Nxd5 Bxd5 17. Rxd5 Bxb2 18. Rb1 {1-0 (34) Frisk,E (2257)-Yashora,T (1715) Tromsoe 2014}) 13... Rd8 {[%emt 0:15:37]} 14. b5 {[%emt 0:07:10]} (14. Be3 $14) 14... cxb5 {[%emt 0:08:04]} 15. cxb5 {[%emt 0:00:49]} Rd7 {[%emt 0:02:15]} 16. Be3 {[%emt 0:03:49]} Qb8 {[%emt 0:01:13]} 17. Bd4 {[%emt 0:02:40]} Rc8 {[%emt 0:01:43]} 18. Qb3 {[%emt 0:00:18]} Rc4 {[%emt 0:02:51]} 19. a3 {[%emt 0:06:38]} Ne8 {[%emt 0:00:52]} 20. e3 {[%emt 0:00:56]} Qc8 {[%emt 0:12:03]} 21. Ne2 {[%emt 0:08:39]} Rb7 {[%emt 0:05:34]} 22. Nf4 {[%emt 0:03:53]} Nd6 {[%emt 0:01:08]} (22... a6 $5) 23. a4 {[%emt 0:01:33]} a6 {[%emt 0:02:42]} 24. b6 {[%emt 0:03:36]} a5 $1 {[%emt 0:00:33]} 25. Qb2 {[%emt 0:02:41]} Bf8 {[%emt 0:06:22]} 26. Rc1 {[%emt 0:00:43]} Qd7 {[%emt 0:02:38]} 27. Rxc4 {[%emt 0:14:14]} (27. Nxe6 $14 fxe6 28. f3) 27... Nxc4 {[%emt 0:00:07]} 28. Qc3 {[%emt 0:00:49]} Qxa4 {[%emt 0:01:53]} 29. Ra1 $11 {[%emt 0:03:18]} Qb4 {[%emt 0:03:35]} 30. Qc2 {[%emt 0:01:43]} Bc5 {[%emt 0:04:02]} 31. Rb1 {[%emt 0:01:48]} Na3 {[%emt 0:00:48]} 32. Qxc5 {[%emt 0:02:05]} Qxc5 {[%emt 0:02:52]} 33. Bxc5 {[%emt 0:00:06]} Nxb1 {[%emt 0:00:02]} 34. Bf1 {[%emt 0:00:32]} Rb8 {[%emt 0:00:48]} 35. Ba6 {[%emt 0:00:54]} Bc8 {[%emt 0:01:03]} 36. Bb5 {[%emt 0:00:35]} Bb7 {[%emt 0:00:23]} 37. Bd6 {[%emt 0:00:17]} Ra8 {[%emt 0:00:10]} 38. Ne2 {[%emt 0:00:34]} Nd2 {[%emt 0:00:56]} 39. Nc3 {[%emt 0:00:16]} Nc4 {[%emt 0:00:32]} 40. Bc7 {[%emt 0:00:00]} Nb2 {[%emt 0:00:00]} 41. Na4 {[%emt 0:01:14]} Nxa4 {[%emt 0:01:24]} 42. Bxa4 {[%emt 0:00:06]} f6 {[%emt 0:00:14]} 43. Kf1 {[%emt 0:00:11]} Kf7 {[%emt 0:00:54]} 44. Ke1 {[%emt 0:00:18]} Ke6 {[%emt 0:01:52]} 45. Kd2 {[%emt 0:03:27]} Rc8 {[%emt 0:04:43]} 46. Kc3 {[%emt 0:01:42]} Rxc7+ {[%emt 0:02:38]} 47. bxc7 {[%emt 0:00:06]} Kd6 {[%emt 0:00:05]} 48. Kd4 {[%emt 0:00:05]} Kxc7 {[%emt 0:00:56]} 49. Kc5 {[%emt 0:00:07]} f5 {[%emt 0:05:38]} 50. h4 {[%emt 0:01:27]} Bc8 {[%emt 0:05:24]} 51. Kxd5 {[%emt 0:05:22]} Bd7 {[%emt 0:00:12]} 52. Bc2 {[%emt 0:05:03]} Kb6 {[%emt 0:00:41]} 53. Kd6 {[%emt 0:02:22]} Bb5 {[%emt 0:00:41]} 54. Ke6 {[%emt 0:01:59]} a4 {[%emt 0:02:36]} 55. Kd5 {[%emt 0:13:12]} Ka5 {[%emt 0:00:34]} 56. Bxa4 {[%emt 0:02:00]} Bxa4 {[%emt 0:00:54]} 57. Ke5 {[%emt 0:00:41]} g6 {[%emt 0:04:52]} 58. h5 {[%emt 0:00:26]} gxh5 {[%emt 0:00:33]} 59. Kxf5 {[%emt 0:00:06]} Bc2 {[%emt 0:00:49]} 60. Kg5 {[%emt 0:01:01]} Bd1 {[%emt 0:00:36]} 61. Kf4 {[%emt 0:00:30]} Bf3 {[%emt 0:00:10]} 62. g4 {[%emt 0:00:19]} hxg4 {[%emt 0:00:25]} 63. Kg5 {[%emt 0:00:14]} Kb4 {[%emt 0:00:04]} 64. Kh6 {[%emt 0:00:08]} Kc3 {[%emt 0:00:04]} 65. Kxh7 {[%emt 0:00:04]} Kd2 {[%emt 0:00:02]} 0-1

[Event "76th GEO-ch Women 2019"]
[Site "Tbilisi"]
[Date "2019.03.22"]
[Round "4.3"]
[White "Arabidze, Meri"]
[Black "Khurtsilava, Inga"]
[Result "1-0"]
[WhiteElo "2392"]
[BlackElo "2234"]
[Annotator "NA"]
[PlyCount "95"]
[EventDate "2019.03.19"]
[EventType "swiss"]
[EventCountry "GEO"]
[SourceTitle "playchess.com"]
[Source "ChessBase"]
[SourceQuality "1"]
[TimeControl "40/5400+30:1800+30"]

{[%evp 8,66,24,21,29,20,25,20,32,33,28,41,27,34,30,48,47,46,52,55,47,52,60,59,64,66,60,67,75,71,69,62,72,75,71,55,62,37,125,119,104,122,155,133,144,150,155,135,145,147,150,136,269,279,352,389,446,495,478,507,484]} 1. d4 {[%emt 0:00:00]} Nf6 {[%emt 0:04:29]} 2. c4 {[%emt 0:00:00]} e6 {[%emt 0:00:06]} 3. Nf3 {[%emt 0:00:00]} Bb4+ {[%emt 0:01:41]} 4. Bd2 {[%emt 0:00:00]} Qe7 {[%emt 0:00:09]} 5. g3 {[%emt 0:00:12]} O-O {[%emt 0:00:47]} 6. Bg2 {[%emt 0:00:14]} Bxd2+ {[%emt 0:00:21]} 7. Qxd2 {[%emt 0:00:10]} d6 {[%emt 0:00:12]} 8. Nc3 {[%emt 0:00:44]} e5 {[%emt 0:01:05]} 9. O-O {[%emt 0:00:11]} Re8 {[%emt 0:00:07]} 10. e4 {[%emt 0:00:23]} Bg4 {[%emt 0:00:09]} 11. Ne1 {[%emt 0:00:36]} exd4 {[%emt 0:08:15] E11: Bogo-Indian} (11... Nc6 12. Nc2 Nxd4 13. Nxd4 exd4 14. Qxd4 Qe5 15. Qd3 Qh5 16. f3 Bh3 17. Qd4 Bxg2 18. Kxg2 Qe5 19. Rfd1 Qxd4 20. Rxd4 Nd7 21. Nd5 Rac8 22. Rad1 Kf8 23. Kf2 Ne5 24. Ne3 a5 25. Rc1 b6 26. Nd5 {½-½ (26) Mchedlishvili,M (2635)-Shanava,K (2521) Tbilisi 2008}) 12. Qxd4 {[%emt 0:00:16]} Nc6 {[%emt 0:00:10]} 13. Qd2 {[%emt 0:01:04]} Qd7 {[%emt 0:01:23]} 14. f3 {[%emt 0:02:11]} Bh3 {[%emt 0:02:01]} 15. Nc2 {[%emt 0:01:25]} Bxg2 {[%emt 0:01:04]} 16. Kxg2 {[%emt 0:00:10]} Ne5 {[%emt 0:14:51]} 17. Ne3 {[%emt 0:01:25]} Rad8 {[%emt 0:00:33] [#]} 18. b3 $146 {[%emt 0:03:21]} ({Predecessor:} 18. Rad1 h6 19. b3 {1-0 (36) Timoscenko,G (2520)-Zlochevskij,A (2435) Bozen 1998}) 18... Ng6 {[%emt 0:05:12]} 19. Rac1 {[%emt 0:04:41]} c6 {[%emt 0:07:54]} 20. Rcd1 {[%emt 0:05:23]} Qe6 {[%emt 0:01:44]} 21. Qd4 {[%emt 0:05:57]} a6 {[%emt 0:06:33]} 22. Rfe1 {[%emt 0:03:25]} Qe5 {[%emt 0:04:15]} (22... h5 $14) 23. Nf5 {[%emt 0:07:34]} Qa5 {[%emt 0:26:03]} 24. Re3 {[%emt 0:12:24]} Re6 {[%emt 0:02:33]} ({Better is} 24... h5) 25. c5 {[%emt 0:11:21]} d5 {[%emt 0:00:31]} 26. b4 {[%emt 0:00:25]} Qc7 {[%emt 0:00:57]} 27. exd5 {[%emt 0:01:58]} cxd5 {[%emt 0:00:07] [#]} 28. Ne4 $1 {[%emt 0:02:28]} Ne8 {[%emt 0:03:36]} 29. Ned6 {[%emt 0:05:02]} Nf6 {[%emt 0:00:05]} (29... Rxe3 $16 {keeps fighting.} 30. Qxe3 Nxd6 31. Nxd6 Qe7) 30. Rde1 {[%emt 0:12:32]} Rxe3 {[%emt 0:03:56]} 31. Rxe3 {[%emt 0:00:18]} ({Not} 31. Nxe3 Ne7 $16) (31. Qxe3 Qd7 $18) 31... Qd7 {[%emt 0:02:20] [#]} 32. Nh6+ $1 {[%emt 0:01:16]} Kf8 {[%emt 0:00:28]} 33. Nhxf7 {[%emt 0:00:24]} Rb8 $18 {[%emt 0:00:03]} 34. Ne5 {[%emt 0:07:42]} Nxe5 {[%emt 0:00:23]} 35. Qxe5 {[%emt 0:00:03]} Rd8 {[%emt 0:01:56]} 36. g4 {[%emt 0:02:30]} h6 {[%emt 0:00:47]} 37. a4 {[%emt 0:03:24]} Ra8 {[%emt 0:00:30]} 38. a5 {[%emt 0:00:53]} Rd8 {[%emt 0:00:18]} 39. h3 {[%emt 0:01:25]} Ra8 {[%emt 0:00:15]} 40. Kf2 {[%emt 0:00:00]} Rd8 {[%emt 0:00:00]} 41. h4 {[%emt 0:07:34]} Kg8 {[%emt 0:12:24]} 42. g5 {[%emt 0:04:50]} hxg5 {[%emt 0:04:16]} 43. hxg5 {[%emt 0:00:26]} Nh5 {[%emt 0:00:06]} 44. Qxd5+ {[%emt 0:03:25]} Kh7 {[%emt 0:00:16]} 45. Re6 {[%emt 0:06:28]} Nf4 {[%emt 0:08:58]} 46. g6+ {[%emt 0:01:29]} Kh6 {[%emt 0:00:06]} 47. Nf7+ {[%emt 0:00:12]} Qxf7 {[%emt 0:00:11]} 48. gxf7+ {[%emt 0:00:07]} 1-0

[Event "76th GEO-ch Women 2019"]
[Site "Tbilisi"]
[Date "2019.03.22"]
[Round "4.4"]
[White "Mikadze, Miranda"]
[Black "Khomeriki, Nino"]
[Result "1/2-1/2"]
[WhiteElo "2266"]
[BlackElo "2347"]
[Annotator "NA"]
[PlyCount "153"]
[EventDate "2019.03.19"]
[EventType "swiss"]
[EventCountry "GEO"]
[SourceTitle "playchess.com"]
[Source "ChessBase"]
[SourceQuality "1"]
[TimeControl "40/5400+30:1800+30"]

1. e4 {[%emt 0:00:00]} e5 {[%emt 0:18:41]} 2. Nf3 {[%emt 0:00:00]} Nc6 {[%emt 0:00:06]} 3. Bc4 {[%emt 0:00:00]} Nf6 {[%emt 0:00:06]} 4. d3 {[%emt 0:00:00]} Be7 {[%emt 0:00:06]} 5. O-O {[%emt 0:00:00]} O-O {[%emt 0:00:04]} 6. Re1 {[%emt 0:00:00]} d6 {[%emt 0:00:06]} 7. a4 {[%emt 0:00:00]} Na5 {[%emt 0:00:04]} 8. Ba2 {[%emt 0:00:14] C55: Two Knights: 4 d3, 4 d4 exd4 5 e5 and Max Lange Attack} c5 {[%emt 0:00:05]} 9. c3 {[%emt 0:03:58]} Nc6 {[%emt 0:02:29]} 10. h3 {[%emt 0:03:13]} (10. Na3 a6 11. Bd2 Rb8 12. Nc2 Be6 13. Bxe6 fxe6 14. b4 b5 15. Qe2 Qd7 {½-½ (54) Duda,J (2707)-Naiditsch,A (2710) Linares 2017}) 10... Be6 {[%emt 0:03:07]} 11. Bxe6 {[%emt 0:17:06]} fxe6 {[%emt 0:02:22]} 12. Na3 {[%emt 0:00:11]} Nh5 {[%emt 0:18:34]} 13. Nc4 {[%emt 0:13:25]} Nf4 {[%emt 0:06:00]} 14. Be3 $146 {[%emt 0:26:12]} ({Predecessor:} 14. Bxf4 Rxf4 15. b4 cxb4 16. cxb4 Nxb4 {½-½ (32) Nichols,S (2240)-Legrand,S (2244) FICGS email 2010}) 14... Rc8 {[%emt 0:07:10]} 15. b3 {[%emt 0:05:10]} b6 {[%emt 0:17:21]} 16. d4 {[%emt 0:10:53]} exd4 {[%emt 0:00:26]} 17. cxd4 {[%emt 0:00:10]} d5 {[%emt 0:09:10]} 18. exd5 {[%emt 0:00:48]} exd5 {[%emt 0:00:50]} 19. Nce5 {[%emt 0:00:39]} Nxe5 {[%emt 0:00:10]} 20. Nxe5 {[%emt 0:00:28]} Bd6 {[%emt 0:01:43]} 21. Bxf4 {[%emt 0:04:03]} Rxf4 {[%emt 0:00:05]} 22. dxc5 {[%emt 0:00:06]} Bxc5 {[%emt 0:01:33]} 23. Nd3 {[%emt 0:00:04]} Rf5 {[%emt 0:00:52]} 24. Rc1 {[%emt 0:07:19]} Qf8 {[%emt 0:01:37]} 25. b4 {[%emt 0:01:14]} ({White should try} 25. Qe2 $14 Rd8 26. Rc2 (26. Nxc5 bxc5 27. Qe6+ Rf7 $14)) 25... Bd6 {[%emt 0:01:52]} 26. Qe2 $14 {[%emt 0:02:32]} Rd8 {[%emt 0:03:37]} 27. a5 {[%emt 0:03:33]} Bxb4 {[%emt 0:02:59]} 28. Qe6+ {[%emt 0:00:21]} Rf7 {[%emt 0:00:01]} 29. Nxb4 {[%emt 0:01:45]} Qxb4 {[%emt 0:00:01]} 30. Rc7 {[%emt 0:00:23]} Qf4 {[%emt 0:02:06]} 31. Rec1 {[%emt 0:01:09]} Qxf2+ {[%emt 0:00:45]} 32. Kh1 {[%emt 0:00:02]} Qf6 {[%emt 0:00:13]} 33. Qe1 {[%emt 0:00:50]} Rxc7 {[%emt 0:00:38]} 34. Rxc7 {[%emt 0:00:03]} bxa5 {[%emt 0:00:29]} 35. Rxa7 {[%emt 0:00:13]} d4 {[%emt 0:01:15]} 36. Rxa5 {[%emt 0:00:26]} d3 {[%emt 0:00:35]} 37. Ra2 {[%emt 0:00:48]} h6 {[%emt 0:00:32]} 38. Rd2 {[%emt 0:00:31]} Kh8 {[%emt 0:00:31]} 39. Qe3 {[%emt 0:00:44]} Qf5 {[%emt 0:00:30]} 40. Kg1 {[%emt 0:00:00]} Kh7 {[%emt 0:00:00]} 41. Rd1 {[%emt 0:02:40]} Rd5 {[%emt 0:03:46]} 42. Rd2 {[%emt 0:00:57]} h5 {[%emt 0:02:20]} 43. Rf2 {[%emt 0:11:10]} Qg6 {[%emt 0:06:02]} 44. Rd2 {[%emt 0:00:30]} h4 {[%emt 0:02:05]} 45. Qf4 {[%emt 0:00:52]} Qb6+ {[%emt 0:01:35]} 46. Kf1 {[%emt 0:08:28]} Qc5 {[%emt 0:05:29]} 47. g4 {[%emt 0:05:12]} Rd4 {[%emt 0:10:06]} 48. Qf2 {[%emt 0:01:01]} Kg8 {[%emt 0:01:51]} 49. Kg2 {[%emt 0:01:14]} Qc6+ {[%emt 0:00:25]} 50. Qf3 {[%emt 0:00:28]} Qd6 {[%emt 0:00:10]} 51. Qe3 {[%emt 0:00:23]} Kh7 {[%emt 0:00:14]} 52. Qf2 {[%emt 0:00:17]} Qd5+ {[%emt 0:00:25]} 53. Kh2 {[%emt 0:00:35]} Qe5+ {[%emt 0:00:19]} 54. Kg2 {[%emt 0:00:04]} Qd5+ {[%emt 0:01:14]} 55. Kh2 {[%emt 0:00:06]} Qg5 {[%emt 0:00:29]} 56. Kg2 {[%emt 0:01:54]} Rd6 {[%emt 0:00:16]} 57. Qe1 {[%emt 0:00:15]} Qd5+ {[%emt 0:02:10]} 58. Kh2 {[%emt 0:00:05]} Rh6 {[%emt 0:00:41]} 59. Qe3 {[%emt 0:00:29]} Rd6 {[%emt 0:00:16]} 60. Qe1 {[%emt 0:00:11]} Qg5 {[%emt 0:00:11]} 61. Qe4+ {[%emt 0:00:45]} Qg6 {[%emt 0:00:13]} 62. Qe1 {[%emt 0:00:19]} Qf6 {[%emt 0:00:41]} 63. Qe4+ {[%emt 0:01:08]} g6 {[%emt 0:00:05]} 64. Kg2 {[%emt 0:00:44]} Rd4 {[%emt 0:01:13]} 65. Qe8 {[%emt 0:01:39]} Rf4 {[%emt 0:00:50]} 66. Qd7+ {[%emt 0:00:10]} Kh6 {[%emt 0:00:23]} 67. Qxd3 {[%emt 0:00:12]} Qc6+ {[%emt 0:00:05]} 68. Qd5 {[%emt 0:01:31]} Qxd5+ {[%emt 0:01:02]} 69. Rxd5 {[%emt 0:00:03]} Ra4 {[%emt 0:00:04]} 70. Rb5 {[%emt 0:01:29]} Ra2+ {[%emt 0:00:24]} 71. Kg1 {[%emt 0:00:04]} Kg7 {[%emt 0:00:20]} 72. g5 {[%emt 0:01:55]} Ra3 {[%emt 0:00:13]} 73. Kh2 {[%emt 0:00:10]} Kf7 {[%emt 0:00:15]} 74. Rb4 {[%emt 0:00:06]} Ra2+ {[%emt 0:00:18]} 75. Kg1 {[%emt 0:00:20]} Ra5 {[%emt 0:00:20]} 76. Rxh4 {[%emt 0:00:09]} Rxg5+ {[%emt 0:00:03]} 77. Kf2 {[%emt 0:00:05]} 1/2-1/2

[Event "76th GEO-ch Women 2019"]
[Site "Tbilisi"]
[Date "2019.03.22"]
[Round "4.5"]
[White "Khukhashvili, Sopiko"]
[Black "Purtseladze, Maka"]
[Result "1/2-1/2"]
[WhiteElo "2342"]
[BlackElo "2282"]
[Annotator "NA"]
[PlyCount "117"]
[EventDate "2019.03.19"]
[EventType "swiss"]
[EventCountry "GEO"]
[SourceTitle "playchess.com"]
[Source "ChessBase"]
[SourceQuality "1"]
[TimeControl "40/5400+30:1800+30"]

{[%evp 8,87,25,18,25,20,29,32767,27,29,51,34,32,22,28,26,35,28,32,17,22,2,26,0,0,12,0,0,0,0,27,11,41,17,25,8,27,6,18,0,0,0,0,0,0,0,0,0,0,0,0,0,0,0,0,0,0,0,0,0,0,0,0,0,0,0,0,0,0,0,0,0,0,0,0,0,0,0,0,0,0,0]} 1. e4 {[%emt 0:00:00]} e6 {[%emt 0:08:40]} 2. f4 {[%emt 0:00:40]} d5 {[%emt 0:01:34]} 3. e5 {[%emt 0:00:05]} b6 {[%emt 0:08:04] C00: French: Unusual White 2nd moves} (3... c5 4. Nf3 Nc6 5. c3 Nh6 6. Na3 Nf5 7. Nc2 Be7 8. d4 Bd7 9. Bd3 g6 10. O-O cxd4 11. Bxf5 gxf5 12. Ncxd4 Qb6 13. Rf2 Na5 14. b3 Rc8 {0-1 (45) Izoria,Z (2603)-Smirnov,A (2569) chess.com INT 2019}) 4. c3 {[%emt 0:01:17]} Qd7 {[%emt 0:02:35]} 5. Nf3 {[%emt 0:00:23]} Ba6 {[%emt 0:00:15]} 6. Bxa6 {[%emt 0:00:22]} Nxa6 {[%emt 0:00:04]} 7. Qe2 $146 {[%emt 0:00:13]} ({Predecessor:} 7. a4 c5 8. d3 Nh6 9. Na3 Be7 10. O-O O-O 11. Nc2 {1-0 (25) Grbac,I (2128)-Grozdanic,V (2074) Croatia 2014}) 7... Nc5 {[%emt 0:05:09]} 8. Na3 {[%emt 0:06:28]} a6 {[%emt 0:01:03]} 9. O-O {[%emt 0:01:56]} Nh6 {[%emt 0:01:24]} 10. d3 {[%emt 0:00:26]} Be7 {[%emt 0:01:33]} 11. Be3 {[%emt 0:00:41]} Nf5 {[%emt 0:03:28]} 12. Bf2 {[%emt 0:00:03]} h5 {[%emt 0:04:10]} 13. Rfd1 {[%emt 0:04:19]} Qa4 {[%emt 0:15:36]} 14. g3 {[%emt 0:04:13]} g5 {[%emt 0:03:00]} 15. Nxg5 {[%emt 0:05:10]} Bxg5 {[%emt 0:00:20]} 16. fxg5 {[%emt 0:00:02]} Qg4 {[%emt 0:01:30]} 17. Qxg4 {[%emt 0:04:32]} hxg4 {[%emt 0:00:04]} 18. Nc2 {[%emt 0:01:53]} Rg8 {[%emt 0:04:17]} 19. Be3 {[%emt 0:05:12]} Nxe3 {[%emt 0:01:23]} 20. Nxe3 {[%emt 0:00:02]} Rxg5 {[%emt 0:00:04]} 21. d4 {[%emt 0:01:12]} Ne4 {[%emt 0:00:33]} 22. Rf1 {[%emt 0:01:00]} c5 {[%emt 0:17:01]} 23. Kg2 {[%emt 0:03:20]} cxd4 {[%emt 0:01:25]} 24. cxd4 {[%emt 0:00:02]} Rc8 {[%emt 0:00:04]} 25. Rac1 {[%emt 0:00:58]} Rxc1 {[%emt 0:00:06]} 26. Rxc1 {[%emt 0:00:01]} Kd7 {[%emt 0:00:05]} 27. Rf1 {[%emt 0:01:35]} Ke7 {[%emt 0:00:04]} 28. Rc1 {[%emt 0:05:11]} Kd7 {[%emt 0:00:04]} 29. a4 {[%emt 0:03:12]} a5 {[%emt 0:03:20]} 30. Rf1 {[%emt 0:01:29]} Ke7 {[%emt 0:00:04]} 31. b4 {[%emt 0:05:58]} axb4 {[%emt 0:05:43]} 32. Rb1 {[%emt 0:00:08]} Kd7 {[%emt 0:00:05]} 33. Rxb4 {[%emt 0:00:42]} Kc6 {[%emt 0:00:03]} 34. Rb1 {[%emt 0:00:27]} f6 {[%emt 0:00:41]} 35. exf6 {[%emt 0:01:38]} Nxf6 {[%emt 0:00:03]} 36. Rf1 {[%emt 0:00:29]} Rg6 {[%emt 0:05:06]} 37. Nc2 {[%emt 0:00:08]} Nd7 {[%emt 0:04:24]} 38. Ne3 {[%emt 0:11:41]} Kd6 {[%emt 0:04:09]} 39. a5 {[%emt 0:01:19]} bxa5 {[%emt 0:00:21]} 40. Ra1 {[%emt 0:00:00]} Nf6 {[%emt 0:00:00]} 41. Rxa5 {[%emt 0:00:06]} Rg8 {[%emt 0:04:58]} 42. Ra6+ {[%emt 0:00:22]} Ke7 {[%emt 0:00:05]} 43. Ra7+ {[%emt 0:00:03]} Kd6 {[%emt 0:01:52]} 44. Rf7 $11 {[%emt 0:01:38]} Rg6 {[%emt 0:04:18]} 45. Kg1 {[%emt 0:17:26]} Ne4 {[%emt 0:03:02]} 46. Ra7 {[%emt 0:01:10]} Rg8 {[%emt 0:00:53]} 47. Kg2 {[%emt 0:01:52]} Nc3 {[%emt 0:03:42]} 48. Ra6+ {[%emt 0:03:13]} Kd7 {[%emt 0:01:42]} 49. Rb6 {[%emt 0:00:45]} Ne4 {[%emt 0:00:55]} 50. Rb7+ {[%emt 0:01:59]} Kd6 {[%emt 0:00:57]} 51. Rh7 {[%emt 0:01:39]} Rg6 {[%emt 0:06:54]} 52. Rh8 {[%emt 0:02:57]} Rg7 {[%emt 0:01:41]} 53. Ra8 {[%emt 0:01:01]} Rg5 {[%emt 0:00:12]} 54. Ra5 {[%emt 0:03:21]} Rg8 {[%emt 0:00:18]} 55. Ra7 {[%emt 0:00:41]} Nc3 {[%emt 0:01:23]} 56. Ra3 {[%emt 0:02:07]} Ne4 {[%emt 0:00:44]} 57. Ra2 {[%emt 0:02:34]} Kc6 {[%emt 0:00:47]} 58. Ra1 {[%emt 0:04:59]} Kd6 {[%emt 0:00:21]} 59. Ra4 {[%emt 0:02:45] Ke5} 1/2-1/2